Clasificaciones científicas / Comisión Interministerial de Ciencia y Tecnología
ISBN:
176-89-028-5
Descripción Física:
69 p. ; 22,5 cm
MARC
| LEADER | 00000nam a2200000Ia 4500 | ||
|---|---|---|---|
| 001 | 13195 | ||
| 008 | 160829s1989 xx 000 0 cat d | ||
| 020 | |a 176-89-028-5 | ||
| 080 | |a A-2-121 | ||
| 245 | |a Clasificaciones científicas / Comisión Interministerial de Ciencia y Tecnología | ||
| 260 | |a [Madrid] : |b Centro de Publicaciones. Ministerio de Educación y Ciencia, |c 1989 | ||
| 300 | |a 69 p. ; |c 22,5 cm | ||
| 650 | |a Classificació |x Llibres |9 30389 | ||
| 650 | |a Ciència |x Classificació |9 37510 | ||
| 700 | |a Espanya. Comisión Interministerial de Ciencia y Tecnología |9 37511 | ||
| 700 | |a Espanya. Ministerio de Educación y Ciencia |9 37512 | ||
| 901 | |a Arxiu | ||
| 942 | |n 1 | ||
| 952 | |0 0 |1 0 |4 0 |6 A2121 |7 1 |9 47902 |a Arxiu |b Arxiu |d 2016-12-01 |l 0 |o A-2-121 |p 13195 |r 2016-12-01 00:00:00 |w 2016-12-01 |y ARXIU | ||
| 999 | |c 51702 |d 51702 | ||